01067nam a2200253Ia 4500003000900000008004100009020001800050040001600068080002100084111007700105245029700182260004200479300001400521490002600535500002600561650004100587650002000628650002200648650002200670700002500692700002800717700003000745710003800775IN-BaIIA211028s9999 xx 000 0 eng d a90-277-1273-5 cIIA Library a082.2:52bIAU-93 aInternational Astronomical Union Symposiumn93rdcJapand1980 July 22-25 0aFundamental problems in the theory of stellar evolutionbproceedings of the International Astronomical Union Symposium No.93 held at Kyoto University, Kyoto, Japan, July 22-25, 1980cedited by Daiichiro Sugimoto, Donald Q. Lamb and David N. Schramm  aDordrechtbD. Reidel Publishingc1981 axv, 347p. aIAU Symposium; no. 93 aDonated by Mrs. Bappu aAstronomy and Astrophysics Thesaurus aStar Formatiion aStellar Evolution aStellar Structure aLamb, Donald Q., ed. aSchramm, David N., ed.  aSugimoto, Daiichiro., ed. aInternational Astronomical Union